Wiedza ogólna - Statystyki

Ogólne statystyki
  • Ten quiz został rozwiązany 164 razy
  • Średni wynik to 7 z 19
Statystyki odpowiedzi
Pytanie Odpowiedź Pytanie Odpowiedź % Poprawnych
Z iloma państwami graniczy Polska? 7 W jakim roku nastąpił kres dla tej polityki? 1994
83%
III rozbiór Polski 1795 Polityka w Afryce głosząca, że każda rasa powinna rozwijać się indywidualnie Apartheid
64%
I rozbiór Polski 1772 Jedyna pustynia w Polsce Pustynia Błędowska
62%
Odkrywca Ameryki Krzysztof Kolumb 40+2^10 - 1 1063
57%
Powstanie listopadowe 1830 Jaka rzeka płynie przez Toruń? Wisła
53%
Jakie to są państwa? ( wymień od strony zachodniej ) Niemcy, Czechy, Słowacja, Ukraina, Białoruś, Litwa, Rosja Powierzchnia Watykanu 0,44km^2
53%
Sól używana przez nas na co dzień Chlorek sodu Jeśli cenę towaru najpierw obniżono o 10% a potem podwyższono o 20% to cena po tych zabiegach będzie jaka w stosunku do tej wyjściowej? większa
50%
Powstanie styczniowe 1863 Jedyne miasto w Polsce położone na 44 wyspach Świnoujście
48%
Gdzie znajduje się geometryczny środek Polski? Piątek Nazwy województw ze stolicą na literę O warmińsko-mazurskie, opolskie
44%
Gdzie znajduje się Hala Stulecia? Wrocław W psychologii syndrom polegający an mocnym przywiązaniu się do danej osoby, mimo że ma na nas toksyczny wpływ to Syndrom Sztokholmski
37%
Opłynął jako pierwszy świat dookoła Ferdynand Magellan Funkcja trygonometryczna, która jest nieparzysta i przyjmuje wartości od -1 do 1 to funkcja sinus
34%
emocja wywoływana przez nas w reakcji na zagrożenie Stres Liczba stanów USA 50
26%
Odkrywca prawa powszechnego ciążenia Isaac Newton Czołówka 5 państw z największą liczbą zachorowań na koronawirusa ( 27 luty 2020r. ) Chiny, Korea Południowa, Włochy, Iran, Japonia
21%
Na co to jest wzór? a=dv/dt ( gdzie d oznacza pochodną ) przyspieszenie Miasta graniczące z Poznaniem Luboń, Swarzędz
21%
Stolica Belize Belmopan Napisał znaną epopeję narodową Adam Mickiewicz
14%
Inna nazwa liczby pi Ludolfina Kto wymyślił teorię heliocentryczną? Mikołaj kopernik
5%
Prędkość, jaką trzeba nadać ciału, aby opuściła Układ Słoneczny z powierzchni planety to Druga prędkość kosmiczna Wykresem funkcji kwadratowej jest Parabola
4%
Wymień wszystkie cyfry po niemiecku rozpoczynając od 0 ( pomiń przegłosy ) null, eins, zwei, drei, vier, funf, sech, sieben, acht, neun, zehn Podaj kolejną liczbę ciągu 2,3,5,7,11,13,17,19,23... 29
4%
Najmniejsza wieś w Polsce Wyśmierzyce Stan polegający na izolowaniu się od społeczeństwa przez minimum 6 mies. z wyjątkiem okazjonalnych wydarzeń rodzinnych hikikomori
0%
Nie znaleziono quizów pasujących do podanych kryteriów
Rozkład punktacji
Procent ludzi z każdym wynikiem
Percentyl według liczby udzielonych odpowiedzi
Twoja historia wyników
Nie rozwiązałeś tego quizu